ბათუმის შოთა რუსთაველის სახელმწიფო უნივერსიტეტის ბიბლიოთეკა

საქართველოს არაადგილობრივი ფლორა= The alien flora of Georgia / (ბიბ.ჩანაწერი № 36644)

000 -ლიდერი
ფიქსირებული სიგრძის საკონტროლო ველი 01384nam a2200265Ia 4500
001 - საკონტროლო ნომერი
საკონტროლო ველი 2564
003 - საკონტროლო ნომრის იდენტიფიკატორი
საკონტროლო ველი GE_BSU
005 - ბოლო ოპერაციის თარიღი და დრო
საკონტროლო ველი 20190617150535.0
008 - ფიქსირებული სიგრძის მონაცემთა ელემენტები - ზოგადი ინფორმაცია
ფიქსირებული სიგრძის საკონტროლო ველი 181216s2010||||ge |||||||||||||| ||geo||
040 ## - კატალოგიზაციის წყარო
Transcribing agency GE_BSU
041 ## - ენის კოდი
Language code of text/sound track or separate title geo
080 ## - უნივერსალური ათობითი კლასიფიკაციის ინდექსი
Universal Decimal Classification number 58(479.22) ს–32
245 ## - ცნობა სათაურის შესახებ
Title საქართველოს არაადგილობრივი ფლორა= The alien flora of Georgia /
Statement of responsibility, etc დავით ქიქოძე, ნინო მემიაძე, დავით ხარაზიშვილი და სხვ. ; ქართ. ტექსტის რედ. ჯონდო ჩიკვაიძე.
250 ## - გამოცემის ცნობა
Edition statement მე–2 გამოცემა
264 ## - წარმოების, გამოცემის, დისტრიბუციის და სხვა ცნობები
გამოცემის, წარმოების, დისტრიბუციის... ადგილი თბილისი,
გამოცემის, წარმოების, დისტრიბუციის... თარიღი 2010.
300 ## - ფიზიკური აღწერა
Extent 35 გვ.:
Other physical details რუკ., ცხრ., ნახ., სურ. ;
Dimensions 30სმ.
653 ## - INDEX TERM--UNCONTROLLED
Uncontrolled term ბოტანიკა
653 ## - INDEX TERM--UNCONTROLLED
Uncontrolled term საქართველოს ფლორა
700 ## - ADDED ENTRY--PERSONAL NAME
Personal name ქიქოძე, დავით
Relator term ავტორი
9 (RLIN) 2518
700 ## - ADDED ENTRY--PERSONAL NAME
Personal name მემიაძე, ნინო
Relator term ავტორი
9 (RLIN) 334
700 ## - ADDED ENTRY--PERSONAL NAME
Personal name ხარაზიშვილი, დავით
Relator term ავტორი
9 (RLIN) 2519
700 ## - ADDED ENTRY--PERSONAL NAME
Personal name მიულერ-შერერი, ჰაინც
Relator term ავტორი
9 (RLIN) 2520
700 ## - ADDED ENTRY--PERSONAL NAME
Personal name ჩიკვაიძე, ჯონდო
Relator term რედაქტორი
9 (RLIN) 2521
942 ## - ADDED ENTRY ELEMENTS (KOHA)
Koha item type წიგნი
Source of classification or shelving scheme
ეგზემპლარები
ჩამოწერის სტატუსი დაკარგული ეგზემპლარის სტატუსი კლასიფიკაციის წყარო ან თაროზე გაწყობის სქემა დაზიანების სტატუსი არ გაიცემა მუდმივი მდებარეობა (დაცვის ადგილი) ამჟამინდელი ადგილსამყოფელი შეძენის თარიღი სრული შენახვის შიფრი შტრიხკოდი ბოლო ოპერაციის თარიღი ეგზემპლარის მიმდევრობითი ნომერი (კეტერი?) ფასის ძალაში შესვლის თარიღი ეგზემპლარის სახეობა
          ბათუმის შოთა რუსთაველის სახელმწიფო უნივერსიტეტის მთავარი ბიბლიოთეკა ბათუმის შოთა რუსთაველის სახელმწიფო უნივერსიტეტის მთავარი ბიბლიოთეკა 2018-12-17 58(479.22) ს–32 1883 2018-12-17 1883 2018-12-17 წიგნი